تفسير سورة العمران
| Main Author: | |
|---|---|
| Format: | Book |
| Published: |
Bayrut :
Dar al-`Ilm lil-Malayin ,
1973
|
| Subjects: |
MARC
| LEADER | 00000cam a2200000 7i4500 | ||
|---|---|---|---|
| 001 | 0000005748 | ||
| 005 | 20220119093000.0 | ||
| 008 | 021119s1973 | ||
| 090 | 0 | 0 | |a BP128.2 |b .S52 1973 |
| 100 | 0 | |a شكعة, مصطفى , |e author | |
| 241 | 1 | 0 | |a Tafsir Surat al Imran |
| 245 | 1 | 0 | |a تفسير سورة العمران |c مصطفى الشكعة |
| 260 | 2 | |a Bayrut : |b Dar al-`Ilm lil-Malayin , |c 1973 | |
| 300 | |a 152 p. ; |c 24 cm. | ||
| 630 | 0 | 0 | |a Qur'an |x Surat al-Imran |x Commentaries |
| 999 | |a 1000016269 |b Book |c OPEN SHELF (30 DAYS) |e Gong Badak Campus | ||